|
|
|
|
| LEADER |
00000nam a2200000 a 4500 |
| 001 |
vtls009469571 |
| 003 |
SK-MaSNL |
| 005 |
20260302053115.0 |
| 008 |
240318s2008 sz g 000 0 ger |
| 020 |
|
|
|a 9783033014138
|q (brož.)
|
| 040 |
|
|
|a SNK
|b slo
|c SNK
|e AACR2
|
| 041 |
0 |
|
|a ger
|
| 044 |
|
|
|a sz
|c CH
|
| 072 |
|
7 |
|a 7.01/.09
|x Umenie
|2 konspekt
|
| 080 |
|
|
|a 7.01:111.852
|2 2001
|
| 080 |
|
|
|a (048.8)
|2 2001
|
| 080 |
|
|
|a 72/76
|2 2001
|
| 100 |
1 |
|
|a Breig, Pirmin A.
|4 aut
|9 710674
|
| 245 |
1 |
0 |
|a Kunstbetrachtungen
|c Pirmin A. Breig
|
| 260 |
|
|
|a Basel
|b Ars Intuita
|c c2008
|
| 300 |
|
|
|a 73 s.
|c 19 cm
|
| 650 |
0 |
7 |
|a estetika
|2 SNKPH
|9 791
|
| 650 |
0 |
7 |
|a umenie
|2 SNKPH
|9 1060
|
| 655 |
|
7 |
|a monografie
|2 SNKPH
|9 70139
|
| 919 |
|
|
|a 978-3-033-01413-8
|
| 999 |
|
|
|c 1108021
|d 1109951
|
| 952 |
|
|
|a SNK
|b SNK
|y VYP
|7 0
|p 17A0613720
|o snkID 98223
|i snk2009/5396
|8 2
|g 13.00
|0 0
|1 0
|4 0
|d 2009-02-05
|l 0
|r 2026-02-24 17:51:41
|w 2026-02-24
|